ბათუმის შოთა რუსთაველის სახელმწიფო უნივერსიტეტის ბიბლიოთეკა

ნორჩ მეგობრებთან ერთად (ბიბ.ჩანაწერი № 49949)

000 -LEADER
fixed length control field 00924nam a2200241Ia 4500
001 - CONTROL NUMBER
control field 16885
003 - CONTROL NUMBER IDENTIFIER
control field GE_BSU
008 - FIXED-LENGTH DATA ELEMENTS--GENERAL INFORMATION
fixed length control field 181216s||||||||xx |||||||||||||| ||und||
040 ## - CATALOGING SOURCE
Transcribing agency GE_BSU
080 ## - UNIVERSAL DECIMAL CLASSIFICATION NUMBER
Universal Decimal Classification number 37.018.1 + 371.12.011.31-051(479.22)
100 ## - MAIN ENTRY--PERSONAL NAME
Personal name ბოცვაძე, ნ.
245 ## - TITLE STATEMENT
Title ნორჩ მეგობრებთან ერთად
245 ## - TITLE STATEMENT
Remainder of title მასწავლებლის მოგონება
245 ## - TITLE STATEMENT
Statement of responsibility, etc. რედ.გ.თავზიშვილი
260 ## - PUBLICATION, DISTRIBUTION, ETC.
Place of publication, distribution, etc. თბილისი
260 ## - PUBLICATION, DISTRIBUTION, ETC.
Name of publisher, distributor, etc. ნაკადული
260 ## - PUBLICATION, DISTRIBUTION, ETC.
Date of publication, distribution, etc. 1960
300 ## - PHYSICAL DESCRIPTION
Extent 197გვ. : ილ. 1ფ. პორტრ. ; 22სმ.
653 ## - INDEX TERM--UNCONTROLLED
Uncontrolled term ბავშვთა აღზრდა; ქართველი მასწავლებლები;
653 ## - INDEX TERM--UNCONTROLLED
Uncontrolled term ნორჩ მეგობრებთან ერთად
653 ## - INDEX TERM--UNCONTROLLED
Uncontrolled term პედაგოგიკა
942 ## - ADDED ENTRY ELEMENTS (KOHA)
Koha item type წიგნი
ეგზემპლარები
Withdrawn status Lost status Damaged status Not for loan Date acquired Barcode Date last seen Price effective from Koha item type
        2018-12-17 21915 2018-12-17 2018-12-17 წიგნი